Oh, More Irony Quiz Stats

 Plays Quiz Updated Jan 27, 2016

Support Sporcle.
Go Orange.
Score 0/20 Timer 07:00
3 Plays Today
% Correct
Driving
99.2%
Mice
95.3%
Divorced
95.1%
Tree
95%
Titanic
91.7%
Fire
89.5%
Call
87.3%
China
86.8%
Glue
86.8%
Bags
86.1%
% Correct
Bell
83.3%
Tow
83%
President Reagan
81%
Home
79.1%
Fast
76%
Chewing
73%
Unbreakable
69.5%
Plan
60.9%
Soliciting
60.5%
Escape
59.5%

From the Vault

Borders of France (1870-)

by Edelweiss

History 5m
We couldn't find a source for Mordor bordering France, but we're pretty sure it does.
Remove Ads.
Support Sporcle.
Get the best of Sporcle when you Go Orange. This ad-free experience offers more features, more stats, and more fun while also helping to support Sporcle. Thank you for becoming a member.

Show Comments

Extras

Top Quizzes Today


Score Distribution

Your Account Isn't Verified!

In order to create a playlist on Sporcle, you need to verify the email address you used during registration. Go to your Sporcle Settings to finish the process.

Report this User

Report this user for behavior that violates our Community Guidelines.

Details: